Microelectronic circuits
Guardat en:
| Autors principals: | , |
|---|---|
| Format: | Llibre |
| Idioma: | anglès |
| Publicat: |
Nueva York
Oxford University Press
2014
|
| Edició: | 7a. ed |
| Col·lecció: | The Oxford Series in Electrical and Computer Engineering
|
| Matèries: | |
| Etiquetes: |
Afegir etiqueta
Sense etiquetes, Sigues el primer a etiquetar aquest registre!
|
MARC
| LEADER | 00000cam a2200000 a 4500 | ||
|---|---|---|---|
| 001 | UCD6815 | ||
| 003 | CL-VaPUC | ||
| 008 | 170119e20140000us |||||||||||||||||eng|d | ||
| 020 | |a 9780199339136 | ||
| 082 | 0 | 4 | |a 621.381 |b SED |2 21 |
| 100 | 0 | |a Sedra, Adel S |e author |9 590637 | |
| 700 | 0 | |a Smith, Kenneth C |e author |9 590638 | |
| 245 | 1 | 0 | |a Microelectronic circuits |
| 250 | |a 7a. ed | ||
| 300 | |a 1436 p | ||
| 942 | |c BK | ||
| 945 | |d 20170119 14:29:00 |a arojas | ||
| 260 | |a Nueva York |b Oxford University Press |c 2014 | ||
| 650 | 0 | |a Electrónica |9 263192 | |
| 650 | 0 | |a Circuitos electrónicos |9 260204 | |
| 650 | 0 | |a Amplificadores |9 338119 | |
| 650 | 0 | |a Diodos |9 260678 | |
| 650 | 0 | |a Circuitos |9 263339 | |
| 583 | |a last modification |c 20170119 14:29:00 |k Rodrigo Vera | ||
| 490 | 0 | |a The Oxford Series in Electrical and Computer Engineering | |
| 999 | |c 366995 |d 366993 | ||
| 952 | |0 0 |1 0 |2 ddc |3 erd |4 0 |6 621_381000000000000_SED_2014 |7 0 |8 A |9 481671 |a BIBING |b BIBING |c RES |i 5361044 |o 621.381 SED 2014 |p 5361044 |r 2025-01-20 |w 2019-11-24 |y BK |z Catalogado en:20170119 |k EIE | ||
| 952 | |0 0 |1 0 |2 ddc |3 erd |4 0 |6 621_381000000000000_SED_2014 |7 0 |8 A |9 481672 |a BIBING |b BIBING |c RES |i 5361052 |o 621.381 SED 2014 |p 5361052 |r 2025-01-20 |w 2019-11-24 |y BK |z Catalogado en:20170119 |k EIE | ||
| 952 | |0 0 |1 0 |2 ddc |3 erd |4 0 |6 621_381000000000000_SED_2014 |7 0 |8 A |9 481673 |a BIBING |b BIBING |c RES |i 5361060 |l 8 |o 621.381 SED 2014 |p 5361060 |r 2025-01-20 |s 2024-09-11 |w 2019-11-24 |y BK |z Catalogado en:20170119 |k EIE | ||